| 000 | 00806nam a22002297a 4500 | ||
|---|---|---|---|
| 999 |
_c5583 _d5583 |
||
| 003 | AR-CdUCM | ||
| 008 | 190312b ||||| |||| 00| 0 eng d | ||
| 040 |
_aMUNICIPALIDAD PROVINCIAL DEL CUSCO _cBIBLIOTECA MUNICIPAL DEL CUSCO |
||
| 082 |
_a137 / _bP63 _22ed. |
||
| 100 |
_aPittaluga, Gustavo _916706 |
||
| 245 | _aTemperamento, caracter y personalidad / | ||
| 260 |
_aMéxico, D. F: _bFondo de Cultura Económica, _c1958. |
||
| 300 |
_a166 páginas ; _c17 cm. |
||
| 440 |
_aBreviarios _n90 _916707 |
||
| 505 | _aContenido: Teoria de la normalidad -- Breve reseña historica -- Crítica de una caracterología psicológica... | ||
| 650 |
_aEl ser humano _916708 |
||
| 650 |
_apsicología _91538 |
||
| 650 |
_aCaracter _916709 |
||
| 650 |
_aPersonalidad _9925 |
||
| 942 |
_2ddc _cLIBROS |
||
| 945 | _aJavier | ||